MARC

LEADER 00000nam0a2200000 4500
001 228528
005 20231101230901.0
035 |a (RuTPU)RU\TPU\book\249003 
090 |a 228528 
100 |a 20121219d1974 m y0rusy50 ca 
101 1 |a rus  |c ger 
102 |a RU 
105 |a a z 000zy 
200 1 |a Ретушь - когда и как  |e пер. с нем.  |f К. Сюттерлин 
210 |a Москва  |c Искусство  |d 1974 
215 |a 112 с.  |c ил. 
606 |a Ретушь  |2 stltpush  |3 (RuTPU)RU\TPU\subj\25147  |9 49372 
610 1 |a ретуширование 
610 1 |a цветные изображения 
610 1 |a диапозитивы 
610 1 |a дефекты 
610 1 |a исправление 
610 1 |a негативы 
610 1 |a исправление 
675 |a 77.024  |v 3 
700 1 |a Сюттерлин  |b К.  |g Карл 
801 1 |a RU  |b 63413507  |c 20121219 
801 2 |a RU  |b 63413507  |c 20130210  |g RCR 
942 |c BK